Music Quiz

Random Music Quiz

Top blues guitar players by guitar, birthplace and born/died Quiz Stats

Quiz not verified by Sporcle

Challenge
Share
Tweet
Embed
Score 0/16 Timer 05:00
0 Plays Today
Guitar, birthplace and born/died Blues guitar player % Correct
Gibson ES-355, Itta Bena Mississippi US, 1925 - presentB.B. King
88.5%
Fender Stratocaster, Surrey England UK, 1945 - PresentEric Clapton
80.6%
Fender Stratocaster, Dallas Texas US, 1954 - 1990Stevie Ray Vaughan
75.8%
Gibson Flying V, Indianola Mississippi US, 1923 - 1992Albert King
63.9%
Gibson L-1, Hazelhurst Mississippi US, 1911 - 1938Robert Johnson
62.6%
Fender Stratocaster, Lettsworth Louisiana US, 1936 - presentBuddy Guy
56.4%
Gibson ES-345, Gilmer Texas US, 1934 - 1976Freddie King
39.2%
Epiphone Sheraton, Coahoma County Mississippi US, 1917 - 2001John Lee Hooker
37.4%
Guitar, birthplace and born/died Blues guitar player % Correct
Gibson SG, Jacksonville Florida US, 1979 - presentDerek Trucks
21.6%
Gibson ES-250, Linden Texas US, 1910 - 1975T-Bone Walker
21.6%
Gibson Les Paul, Greenwood Mississippi US, 1931 - presentHubert Sumlin
20.3%
Fender Telecaster, Leona Texas US, 1932 - 1993Albert Collins
19.4%
Fender Telecaster, Fargo North Dakota US, 1981 - presentJonny Lang
17.2%
Fender Stratocaster, Dallas Texas US, 1951 - presentJimmie Vaughan
17.2%
Kay 6100, Holmes County Mississippi US, 1918 -1963Elmore James
14.5%
Fender Stratocaster, Dallas Texas US, 1968 - presentDoyle Bramhall II
3.1%

You're not logged in!

Compare scores with friends on all Sporcle quizzes.
Join for Free
OR
Log In

You Might Also Like...

Show Comments

Extras

Top Quizzes Today


Score Distribution

Your Account Isn't Verified!

In order to create a playlist on Sporcle, you need to verify the email address you used during registration. Go to your Sporcle Settings to finish the process.

Report this User

Report this user for behavior that violates our Community Guidelines.

Details: